000 00566nam a2200217Ia 4500
005 20241129115523.0
008 241129s9999||||xx |||||||||||||| ||und||
020 _a9783110556001
037 _aTB
040 _aSDCL
_beng
_cSDCL
041 _aeng
_2eng
084 _aB37:1 R2
_qSDCL
100 _aSmarrazzo F.
_9727643
245 0 _aMeasure theory and nonlinear evolution equations
260 _aBoston
_bDe Gruyter
_c2022
300 _avi,420p
365 _aEUR
_b114.95
650 _aGift
942 _cTB
_hB37:1 R2
999 _c1230790
_d1230790